Схематические карты распространения важнейших лекарственных растений СССР / (Record no. 472131)
[ view plain ]
| 000 -LEADER | |
|---|---|
| fixed length control field | 01155nam a2200265 a 4500 |
| 001 - CONTROL NUMBER | |
| control field | 000532618 |
| 003 - CONTROL NUMBER IDENTIFIER | |
| control field | AM-YeHGA |
| 005 - DATE AND TIME OF LATEST TRANSACTION | |
| control field | 20250617161455.0 |
| 008 - FIXED-LENGTH DATA ELEMENTS--GENERAL INFORMATION | |
| fixed length control field | 070418s1954 ru |||||r|||||000|0|rus|d |
| 040 ## - CATALOGING SOURCE | |
| Original cataloging agency | AM-YeHGA |
| 041 0# - LANGUAGE CODE | |
| Language code of text/sound track or separate title | rus |
| 090 ## - LOCALLY ASSIGNED LC-TYPE CALL NUMBER (OCLC); LOCAL CALL NUMBER (RLIN) | |
| -- | 475392 |
| 100 1# - MAIN ENTRY--PERSONAL NAME | |
| Personal name | Гаммерман, А.Ф. |
| 245 10 - TITLE STATEMENT | |
| Title | Схематические карты распространения важнейших лекарственных растений СССР / |
| Statement of responsibility, etc. | А.Ф. Гаммерман, Е.Ю. Шасс; отв. ред. Е.Г. Бобров; Ботанический институт им. В.Л. Комарова АН СССР. |
| 260 ## - PUBLICATION, DISTRIBUTION, ETC. | |
| Place of publication, distribution, etc. | Москва |
| -- | Ленинград : |
| Name of publisher, distributor, etc. | Изд-во АН СССР, |
| Date of publication, distribution, etc. | 1954. |
| 300 ## - PHYSICAL DESCRIPTION | |
| Extent | 139 с. : |
| Other physical details | ил. ; |
| Dimensions | 35 см. |
| 500 ## - GENERAL NOTE | |
| General note | Алф. указ. : с. 138 |
| 504 ## - BIBLIOGRAPHY, ETC. NOTE | |
| Bibliography, etc. note | Список лит. : с. 135-137 |
| 650 14 - SUBJECT ADDED ENTRY--TOPICAL TERM | |
| Topical term or geographic name entry element | Лекарственные растения |
| 650 14 - SUBJECT ADDED ENTRY--TOPICAL TERM | |
| Topical term or geographic name entry element | География |
| 650 14 - SUBJECT ADDED ENTRY--TOPICAL TERM | |
| Topical term or geographic name entry element | Карты |
| 700 1# - ADDED ENTRY--PERSONAL NAME | |
| Personal name | Шасс, Е.Ю. |
| 700 1# - ADDED ENTRY--PERSONAL NAME | |
| Personal name | Бобров, Е.Г. |
| Relator term | ред. |
| Relationship | edt |
| 710 2# - ADDED ENTRY--CORPORATE NAME | |
| Corporate name or jurisdiction name as entry element | Ботанический институт им. В.Л. Комарова АН СССР |
| Withdrawn status | Lost status | Damaged status | Not for loan | Collection | Home library | Current library | Date acquired | Total checkouts | Full call number | Barcode | Date last seen | Price effective from | Koha item type | Public note |
|---|---|---|---|---|---|---|---|---|---|---|---|---|---|---|
| General | Fundamental Scientific Library | Fundamental Scientific Library | 15/06/2018 | РД III/7650 | FL0503313 | 15/06/2018 | 15/06/2018 | Գրքեր / Books | 30 Days Loan | |||||
| General | Fundamental Scientific Library | Fundamental Scientific Library | 15/06/2018 | РД III/7669 | FL0503326 | 15/06/2018 | 15/06/2018 | Գրքեր / Books | 30 Days Loan |
ՀՀ Գիտությունների ազգային ակադեմիայի հիմնարար գիտական գրադարան = Fundamental Scientific Library of NAS RA
All site content, except where otherwise noted, is licensed under a